000 00672nam a22002417a 4500
003 UA-OsUOA
001 45813
007 ta
008 20111129b un ||||| |||| 00| 0 ukr d
100 _aHoss R.
090 _a82-94
942 _cBK
040 _aUA-OsUOA
_beng
_cUA-OsUOA
_dUA-OsUOA
245 _aDeath Dealer
_bThe Memories of the SS Kommandant at Auscwitz
300 _a390 p.
955 _a4
041 _aeng
080 _a82-94
260 _c1992
650 7 _a82 Література. Літературознавство
_2UDC
999 _c425915
_d425915